| 000 | 00876nam a2200265 i 4500 | ||
|---|---|---|---|
| 001 | bg | ||
| 003 | BPK | ||
| 005 | 20220624135708.0 | ||
| 008 | s2008 pl f f |000 0 pol | ||
| 020 | _a9788373783423 | ||
| 040 | _cBPK | ||
| 041 | 0 | _apol | |
| 080 | _a005 | ||
| 080 | _a(075.8) | ||
| 245 | 1 | 0 |
_aPodstawy zarządzania / _cred. nauk. Marian Strużycki. |
| 260 |
_aWarszawa : _bSzkoła Główna Handlowa - Oficyna Wydawnicza, _c2008. |
||
| 300 |
_a328 s. : _bil. ; _c25 cm. |
||
| 504 | _aBibliogr. przy rozdz. | ||
| 655 | 4 | _aPodręczniki akademickie | |
| 650 | 4 | _aZarządzanie | |
| 700 | 1 |
_aStrużycki, Marian _d(1930- ) _eRedakcja |
|
| 856 |
_uhttp://koha.tu.koszalin.pl/cgi-bin/koha/opac-detail.pl?biblionumber=55424 _yKatalog online BPK |
||
| 942 |
_cKS _2UKD |
||
| 999 |
_c55424 _d55424 |
||